Entry Nombre personal
001 - NÚMERO DE CONTROL
- campo de control: 85933
003 - IDENTIFICADOR DE NÚMERO DE CONTROL
- campo de control: SpMaBN
005 - FECHA Y HORA DE LA ÚLTIMA TRANSACCIÓN
- campo de control: 20250630061102.0
008 - ELEMENTOS DE DATO DE LONGITUD-FIJA
- campo de control de longitud fija: 940725n| aijnnaabn |a aaa
016 ## - NÚMERO DE CONTROL DE UNA AGENCIA BIBLIOGRÁFICA NACIONAL
- Número de control del registro: BNE19997976537
024 7# - IDENTIFICADOR DE OTROS ESTÁNDARES
- Número estándar o código: https://isni.org/isni/0000000116823755
- Fuente: isni
024 7# - IDENTIFICADOR DE OTROS ESTÁNDARES
- Número estándar o código: http://viaf.org/viaf/87147609/
- Fuente: viaf
040 ## - FUENTE DE CATALOGACIÓN
- Centro catalogador/agencia de origen: SpMaBN
- Lengua de catalogación: spa
- Centro/agencia transcriptor: SpMaBN
- Normas de descripción: rdc
- Convención/Normas de encabezamiento de materia/tesauro: embne
046 ## - FECHAS CON CODIFICACIÓN ESPECIAL
- Fecha de nacimiento: 1866
- Fecha de la muerte: 1908
100 1# - ENCABEZAMIENTO-NOMBRE DE PERSONA
- Nombre de persona: Nombela y Campos, Julio,
- Fechas asociadas al nombre: 1866-1908
375 ## - GÉNERO/SEXO
- Género: Masculino
400 1# - TRAZADO DE VÉASE--NOMBRE DE PERSONA
- Nombre de persona: Nombela, Julio,
- Fechas asociadas al nombre: 1866-1908
400 1# - TRAZADO DE VÉASE--NOMBRE DE PERSONA
- Nombre de persona: Nombela Campos, Julio,
- Fechas asociadas al nombre: 1866-1908
670 ## - FUENTE DE DATOS ENCONTRADOS
- Cita de la fuente: Enc. universal ilustrada, Espasa Calpe, 1958
- Información encontrada: (Nombela y Campos (Julio); n. y m. en Madrid (1866-1908); catedrático y escritor español)
670 ## - FUENTE DE DATOS ENCONTRADOS
- Cita de la fuente: Labor intelectual, 1911-1912
- Información encontrada: port. (de Julio Nombela y Campos)
